Automatizácia plánovania skladových kapacít pomocou AI

Analýza možností využitia umelej inteligencie pri plánovaní skladových kapacít a jej porovnanie s tradičnými metódami riadenia zásob. Štúdia taktiež poukazuje na nedostatky konvenčných prístupov a prezentuje prínosy implementácie moderných AI riešení, ako sú algoritmy strojového učenia, automatizáci...

Descrizione completa

Salvato in:
Dettagli Bibliografici
Autore principale: Weiss, Erik, 1979-
Altri autori: Bocánová, Slávka, 1999-
Natura: Capitolo di libro
Lingua:slovacco
Soggetti:
Tags: Aggiungi Tag
Nessun Tag, puoi essere il primo ad aggiungerne!!

MARC

LEADER 00000naa$a2200000$$$4500
001 0314055
005 20260217103732.9
041 0 |a slo 
044 |a SK 
245 1 0 |a Automatizácia plánovania skladových kapacít pomocou AI  |c Erik Weiss, Slávka Bocánová 
520 |a Analýza možností využitia umelej inteligencie pri plánovaní skladových kapacít a jej porovnanie s tradičnými metódami riadenia zásob. Štúdia taktiež poukazuje na nedostatky konvenčných prístupov a prezentuje prínosy implementácie moderných AI riešení, ako sú algoritmy strojového učenia, automatizácia skladov a technológie edge computingu. Výsledky naznačujú, že využitie AI vedie k efektívnejšiemu riadeniu zdrojov, rýchlejšiemu rozhodovaniu a vyššej adaptabilite logistických procesov. Automatizácia zároveň mení štruktúru pracovných miest a zvyšuje požiadavky na digitálne zručnosti pracovníkov. 
610 2 0 |a inteligencia umelá 
610 2 0 |a logistika 
610 2 0 |a automatizácia 
610 2 0 |a plánovanie 
610 2 0 |a sklady 
610 2 0 |a zručnosti digitálne 
610 2 0 |a pracovníci 
100 1 |a Weiss, Erik, 1979- 
700 1 |a Bocánová, Slávka, 1999-